| 000 | 00726naa a2200205 4500 | ||
|---|---|---|---|
| 001 | 216219529 | ||
| 003 | UA-OsUOA | ||
| 005 | 20201027151317.0 | ||
| 008 | 201027b un ||||| |||| 00| 0 ukr d | ||
| 040 |
_aUA-OsUOA _bukr _cUA-OsUOA _dUA-OsUOA |
||
| 041 | _aukr | ||
| 080 | _a908 | ||
| 090 | _a908 | ||
| 100 | _aРешетилова О. | ||
| 245 |
_a"Острозький клуб" і студентський рух за національну єдність _cОльга Решетилова |
||
| 300 | _aС. 306–322 | ||
| 650 | _2UDC | ||
| 773 | 0 |
_0364744 _9388214 _dК. ЗАТ "Українська прес-група" 2009 _o134541 _tЕкстракт 150 _w(UA-OsUOA) 78440 _z978-966-8152-15-3 |
|
| 942 |
_2udc _cBKA |
||
| 999 |
_c463660 _d463660 |
||